[Event "Hoogovens-B"]
[Site "Wijk aan Zee"]
[Date "1994.01.??"]
[Round "3"]
[White "Reinderman, Dimitri"]
[Black "Hansen, Lars Bo"]
[Result "1/2-1/2"]
[WhiteElo "2430"]
[BlackElo "2545"]
[Annotator "Ribli,Z"]
[PlyCount "74"]
[EventDate "1994.01.21"]
[EventType "tourn"]
[EventRounds "9"]
[EventCountry "NED"]
[EventCategory "9"]
[SourceTitle "CBM 040"]
[Source "ChessBase"]
[SourceDate "1994.06.01"]
[SourceVersion "1"]
[SourceVersionDate "1994.06.01"]
[SourceQuality "1"]

1. c4 c6 2. e4 e5 3. Nf3 d6 4. d4 Nd7 5. Nc3 Ngf6 6. Be2 Be7 7. O-O O-O 8. Re1
a6 9. Rb1 b5 10. b4 Bb7 (10... Qc7 $6 11. a4 $14 {Polovodin-Gussejnov/USSR/
1984/INF39,(81)/}) 11. cxb5 (11. Bf1 $5 Re8 12. a4 $14 {Raskovskij-Dorfman/
Nikolaev/1983/INF36/(96)/}) (11. dxe5 $5 Nxe5 12. Nxe5 dxe5 13. Be3 $14 {
Lechtynsky-Flear,G/Dubai olm/1986/INF42,(72)/}) 11... cxb5 12. Bf1 Rc8 13. Bb2
Qe8 (13... Re8 14. a4 bxa4 15. Qxa4 Nb6 16. Qa2 $14) 14. Ba1 Bd8 15. a4 bxa4
16. Qxa4 Ra8 (16... Nb6 17. Qa2 $14) 17. Qb3 Bb6 18. Rbd1 Qb8 19. Bc4 exd4 (
19... Qa7 20. Ng5 $1 $36) 20. Nxd4 Bxd4 (20... Qa7 21. Nd5 $14) 21. Rxd4 a5 22.
Nb5 Ne8 (22... axb4 23. Nxd6 $16) 23. Red1 (23. Bc3 $5 axb4 24. Bxb4 $14) 23...
axb4 24. Bb2 (24. Nxd6 Nxd6 (24... Rxa1 $2 25. Bxf7+ Kh8 26. Bxe8 Rxd1+ 27.
Rxd1 Rxe8 $4 28. Nf7+ Kg8 29. Nh6+ Kh8 30. Qg8+ Rxg8 31. Nf7#) 25. Rxd6 Rxa1
26. Rxd7 Rxd1+ 27. Qxd1 Bxe4 28. Bxf7+ $10) 24... Nc5 25. Qxb4 Bxe4 26. f3 Bg6
27. Qd2 Ne6 28. Rg4 Ra4 29. Qe2 d5 30. Bxd5 Nf4 31. Rxf4 Qxf4 32. Ba3 Rxa3 33.
Nxa3 Nf6 34. Ba2 Qa4 35. Nb1 Re8 36. Qd2 h6 37. Nc3 Qa7+ 1/2-1/2

[Event "New York MCC"]
[Site "New York"]
[Date "1994.??.??"]
[Round "6"]
[White "Arnett, David A"]
[Black "Berkovich, Dmitry"]
[Result "1-0"]
[WhiteElo "2350"]
[BlackElo "2415"]
[Annotator "Ribli,Z"]
[PlyCount "77"]
[EventDate "1994.02.??"]
[EventType "tourn"]
[EventRounds "11"]
[EventCountry "USA"]
[EventCategory "9"]
[SourceTitle "CBM 043"]
[Source "ChessBase"]
[SourceDate "1994.12.01"]
[SourceVersion "1"]
[SourceVersionDate "1994.12.01"]
[SourceQuality "1"]

1. d4 Nf6 2. Nf3 c6 3. c4 d6 4. Nc3 Nbd7 5. g3 e5 6. e4 h6 $6 (6... a6 $5) 7.
Bg2 Nh7 $6 8. d5 c5 9. O-O g5 10. Ne1 Qf6 11. Nb5 $1 Kd8 (11... Qd8 12. Nd3 a6
13. Nc3 Qf6 14. Rb1 Qg6 15. b4 $14) 12. Nd3 a6 13. Nc3 Qg6 14. Rb1 h5 15. b4 $1
Nhf6 (15... b6 16. bxc5 bxc5 17. Qa4 $16) 16. bxc5 dxc5 17. Qd2 $5 Rg8 (17...
g4 18. Qg5 $1 $16) (17... Bh6 18. Na4 $18) 18. Qe1 Ne8 19. Ba3 b6 20. Na4 Rb8 (
20... Kc7 21. Nxb6 $1 Nxb6 22. Qa5 $18) 21. Naxc5 $1 Bxc5 (21... bxc5 22. Qa5+
Nc7 23. Rxb8 Nxb8 24. Nxc5) 22. Bxc5 bxc5 23. Qa5+ Ke7 (23... Nc7 24. Rxb8 Nxb8
25. Nxc5 $16) 24. Rxb8 Nxb8 25. Qxc5+ Nd6 26. Nxe5 Qf6 27. Qc7+ Bd7 (27... Kf8
28. c5 Qxe5 29. cxd6 $18) 28. Nc6+ (28. Nxd7 Nxd7 29. c5 $18) 28... Nxc6 29.
dxc6 Rd8 30. cxd7 (30. Rd1 $5 $18) 30... Qd4 (30... Rxd7 31. Qc5 $18) 31. Qa5
f6 32. e5 $6 (32. Qxa6 $18) 32... fxe5 33. Re1 Nxc4 34. Qb4+ Kxd7 35. Qb7+ Ke6
36. Qg7 (36. Qh7 $5) 36... Qd2 37. Rb1 (37. Qg6+ Ke7 38. Rb1 $18) 37... Qd3 38.
Rb7 Nd6 (38... Qd1+ 39. Bf1 Nd6 40. Re7+ $18) 39. Re7+ 1-0

[Event "St Petersburg op"]
[Site "St Petersburg"]
[Date "1994.??.??"]
[Round "2"]
[White "Yuferov, Sergey N"]
[Black "Genba, Vladimir"]
[Result "1-0"]
[WhiteElo "2475"]
[BlackElo "2350"]
[Annotator "Ribli,Z"]
[PlyCount "109"]
[EventDate "1994.02.??"]
[EventType "swiss"]
[EventRounds "9"]
[EventCountry "RUS"]
[SourceTitle "CBM 041"]
[Source "ChessBase"]
[SourceDate "1994.08.01"]
[SourceVersion "1"]
[SourceVersionDate "1994.08.01"]
[SourceQuality "1"]

1. d4 Nf6 2. c4 d6 3. Nc3 e5 4. Nf3 Nbd7 5. e4 Be7 6. Be2 O-O 7. O-O c6 8. Be3
a6 (8... Ng4 $5) 9. d5 $1 cxd5 10. cxd5 Ne8 $6 (10... Ng4 11. Bd2 b5 12. Ne1
Ngf6 13. Nc2 Nc5 14. f3 $14 {Chekhov,V-Hickl,J/Germany/1992/INF57,73/}) 11. a4
g6 12. a5 Ng7 $6 (12... f5 $5) 13. Nd2 f5 14. Nc4 fxe4 (14... f4 15. Bd2 h5 16.
Na4 $14) 15. Nxe4 Nf5 16. Qb3 Kg7 17. Rac1 Nxe3 (17... Nf6 18. Nxf6 Bxf6 19.
Nb6 $14) 18. fxe3 $5 Rxf1+ 19. Bxf1 Nf6 20. Nxf6 Kxf6 (20... Bxf6 21. Qb6 $16)
21. Nb6 Rb8 22. Qa4 Kf7 23. Rc3 e4 $5 (23... Bg5 24. Qc2 Bf5 25. e4 Bg4 26. h3
Bh5 27. g4 $18) 24. Qxe4 Bf5 25. Qf3 Kg7 26. e4 Bd7 27. Qf2 Bf6 28. Rf3 Be8 29.
g3 Qe7 30. b4 Rd8 31. Kg2 Bd7 32. Qc2 Be8 33. Kh1 Bd7 34. Bg2 h5 35. Qc7 Bg4
36. Qxe7+ Bxe7 37. Rc3 Rf8 38. Rc7 Rf7 39. Rxb7 $18 Kf8 40. b5 Be2 41. bxa6
Bxa6 42. Ra7 Bd3 43. Nc8 Bd8 44. Rxf7+ Kxf7 45. Nxd6+ Ke7 46. Nb7 Bc7 47. Bf3
Ba6 48. d6+ Bxd6 49. Nxd6 Kxd6 50. Kg2 h4 51. Kf2 Ke5 52. Ke3 g5 53. Be2 Bb7
54. a6 Bc6 (54... Bxe4 55. Bf3 $18) 55. Bg4 1-0

[Event "URS-chT Republics 19th Group1"]
[Site "Azov"]
[Date "1991.??.??"]
[Round "4"]
[White "Titov, German1"]
[Black "Petrosian, Arshak B"]
[Result "1/2-1/2"]
[WhiteElo "2505"]
[BlackElo "2505"]
[Annotator "Ribli,Z"]
[PlyCount "97"]
[EventDate "1991.??.??"]
[EventType "team-tourn"]
[EventRounds "5"]
[EventCountry "URS"]
[SourceTitle "EXT 2020"]
[Source "ChessBase"]
[SourceDate "2019.10.17"]
[SourceVersion "1"]
[SourceVersionDate "2019.10.17"]
[SourceQuality "1"]
[WhiteTeam "Moldova"]
[BlackTeam "Armenia"]
[WhiteTeamCountry "MDA"]
[BlackTeamCountry "ARM"]

1. Nf3 Nf6 2. c4 d6 3. d4 Nbd7 4. Nc3 c6 5. e4 e5 6. Be2 Be7 7. O-O O-O 8. Be3
a6 (8... Qc7 9. d5 c5 10. Nd2 Ne8 11. Rb1 g6 12. b4 cxb4 13. Rxb4 Nc5 14. Nb3
Bd7 15. Bh6 $1 Ng7 16. Nxc5 dxc5 17. Rb2 Rfd8 18. d6 $1 Qxd6 19. Qxd6 Bxd6 20.
Bg5 $16 {Danailov,S-Roth,P Wien op 1990 CBM/21}) 9. d5 cxd5 10. cxd5 Ng4 (10...
b5 11. Nd2 Nb6 12. a4 $1 bxa4 13. Nxa4 Nxa4 14. Rxa4 Bd7 15. Ra2 Qb8 16. f3 $14
{Polgar,Zsu-Lobron,E Deutschland Cup 1989 CBM/16}) 11. Bd2 b5 12. b4 Nb6 13. a4
$1 $14 bxa4 14. Nxa4 f5 15. exf5 Bxf5 16. Nc3 Qc8 17. Qb3 Kh8 18. Ng5 Bxg5 19.
Bxg5 Qb7 20. f3 Nf6 21. Ra5 Nbd7 22. Be3 Rfb8 23. Rfa1 Qxb4 24. Qxb4 Rxb4 25.
Rxa6 Rxa6 26. Rxa6 Rb3 27. Bd2 Rb6 28. Ra8+ Rb8 29. Rxb8+ Nxb8 30. g4 Bg6 31.
g5 Ne8 32. f4 exf4 33. Bxf4 Nd7 34. Kf2 Kg8 35. Ke3 Kf7 36. Kd4 Ke7 37. Nb5 Bf5
38. Na7 Nc5 39. Bxd6+ Nxd6 40. Kxc5 Ne4+ 41. Kc6 Nxg5 42. Kc7 Kf6 43. Nc6 Be4
44. Bc4 Nf7 45. d6 Nxd6 46. Kxd6 Bxc6 47. Kxc6 g5 48. Kd5 g4 49. Ke4 1/2-1/2

[Event "Brno"]
[Site "Brno"]
[Date "1992.??.??"]
[Round "6"]
[White "Schlosser, Philipp"]
[Black "Bischoff, Klaus"]
[Result "1/2-1/2"]
[WhiteElo "2500"]
[BlackElo "2510"]
[Annotator "Ribli,Z"]
[PlyCount "54"]
[EventDate "1992.08.??"]
[EventType "tourn"]
[EventRounds "9"]
[EventCountry "CZE"]
[EventCategory "11"]
[SourceTitle "CBM 031"]
[Source "ChessBase"]
[SourceDate "1992.12.01"]
[SourceVersion "1"]
[SourceVersionDate "1992.12.01"]
[SourceQuality "1"]

1. c4 Nf6 2. d4 d6 3. Nc3 Nbd7 4. e4 e5 5. Nf3 c6 6. Be2 Be7 7. O-O O-O 8. Be3
Qc7 9. h3 (9. d5 $1 c5 10. Nd2 Ne8 11. Rb1 g6 12. b4 cxb4 13. Rxb4 Nc5 14. Nb3
Bd7 15. Bh6 $1 Ng7 16. Nxc5 dxc5 17. Rb2 Rfd8 18. d6 $1 Qxd6 19. Qxd6 Bxd6 20.
Bg5 $16 {Danialov,S-Roth,P Wien op 1990 CBM/21}) 9... a6 10. d5 cxd5 11. Nxd5
Nxd5 12. cxd5 Nf6 13. Rc1 Qb8 14. Nd2 b5 15. a4 Bd7 (15... bxa4 $6 16. Qxa4
Qxb2 $2 17. Rb1 Qc3 18. Rfc1 $18) 16. a5 Bd8 17. b4 Qb7 18. f4 exf4 19. Bxf4
Be7 20. Qb3 Rfc8 21. Qg3 Rxc1 22. Rxc1 Rc8 23. Rf1 (23. Rxc8+ Qxc8 24. Bxd6
Bxd6 25. Qxd6 Qc3 26. e5 Qxd2 27. exf6 Qxe2 28. Qxd7 Qe1+ $10) 23... Qc7 24.
Bh6 Ne8 25. Bg4 Qd8 26. Bxd7 Qxd7 27. Kh2 Rc7 1/2-1/2

[Event "RUS-chT 05th"]
[Site "Maikop"]
[Date "1998.06.03"]
[Round "1"]
[White "Ivanov, Sergey"]
[Black "Dmitriev, Igor"]
[Result "1-0"]
[WhiteElo "2570"]
[BlackElo "2405"]
[Annotator "Ribli,Z"]
[PlyCount "121"]
[EventDate "1998.06.03"]
[EventType "team-tourn"]
[EventRounds "11"]
[EventCountry "RUS"]
[SourceTitle "CBM 066"]
[Source "ChessBase"]
[SourceDate "1998.09.30"]
[SourceVersion "1"]
[SourceVersionDate "1998.09.30"]
[SourceQuality "1"]
[WhiteTeam "Sankt Petersburg"]
[BlackTeam "Saratov GShK"]
[WhiteTeamCountry "RUS"]
[BlackTeamCountry "RUS"]

1. d4 d6 2. c4 Nf6 3. Nc3 Nbd7 4. e4 e5 5. Nf3 Be7 {Die sogenannte
Alt-Indische Verteidigung bringt Schwarz in eine etwas passive, wenngleich
feste und gut verteidigungsfähige Stellung. Statt 5...Be7 kann Schwarz mit 5...
g6 nebst 6...Bg7 noch die Königsindische Verteidigung wählen. Ribli.} 6. Be2
O-O 7. O-O {Weiß besitzt Übergewicht im Zentrum, während Schwarz Probleme mit
der Entwicklung des Damenläufers hat.} a6 8. Be3 {Ich empfehle diese Variante,
aber es gibt auch zwei andere Hauptvarianten: 8.Re1 mit der Idee 9.Bf1 oder  8.
Qc2 mit der Idee 9.Rd1.} c6 9. d5 cxd5 10. cxd5 {[%csl Gd5][%cal Ge3a7,Ge2a6]
Weiß hat Raumvorteil und steht bereit für den Kampf am Damenflügel.} b5 {
Dieser Zug ist scheinbar aktiv, schwächt aber den schwarzen Damenflügel
empfindlich.} (10... Ng4 11. Bd2 b5 12. Ne1 Ngf6 13. Nc2 Nb6 $6 14. Nb4 $1 Bd7
15. Rc1 Rc8 16. b3 $1 a5 17. Nc6 Bxc6 18. dxc6 b4 19. Nb5 Nxe4 20. Be3 $16 {
Shipov,S-Margolin,B/Rethymnon 1995}) 11. Nd2 {+/= Ein typisches
Springermanöver. Der Springer strebt zum Damenflügel. Gleichzeitig wird 11...
Ng4 verhindert, was den Läufer e3 stören könnte.} Nb6 (11... b4 12. Na4 $16 {
[%csl Ga4,Yb6,Ge2,Ge3]}) 12. a4 {Weiß klärt die Lage am Damenflügel.} bxa4 (
12... b4 13. a5 bxc3 14. Bxb6 {[%cal Rb6d8]} Qe8 15. bxc3 $16) 13. Nxa4 Nxa4
14. Rxa4 (14. Qxa4 Bd7 $11) 14... Bd7 {Das ist die beste Chance für Schwarz.
Er opfert den Bauern a6, um nicht in sehr passiver Stellung zu verbleiben.} 15.
Ra3 {[%csl Ra6] Das Nehmen auf a6 hat Zeit. Der Bauer stellt auch weiterhin
einen schönen Angriffspunkt dar.} (15. Ra2 Qb8 16. f3 $14 {Polgar,Z-Lobron,E/
FRG-CupT 1989/1/2-1/2 (52)}) (15. Rxa6 Rxa6 16. Bxa6 Ng4 $44 {Weiß hat jetzt
einen Bauern mehr, aber Schwarz kann auf e3 nehmen, wonach er die Herrschaft
über die schwarzen Felder erlangt. Das Läuferpaar bietet ihm jetzt trotz des
Minusbauern eine verteidigungsfähige Stellung.}) 15... Qb8 16. Rb3 (16. Qb1 Bb5
) (16. Qc2 $6 Rc8) 16... Qc8 {Das ist die erste Abweichung von einer früheren
Partie des Weißspielers. In der Partie Ivanov,S -Shchukin, St.Petersburg 1998
spielte Schwarz 16...Qe8.} (16... Qe8 17. Rb6 Rb8 18. f3 Rxb6 19. Bxb6 Qb8 20.
Nc4 Bb5 21. Bf2 Bxc4 22. Bxc4 Qxb2 23. Qa1 Qxa1 24. Rxa1 Rc8 25. Bd3 Ra8 26.
Rxa6 Rxa6 27. Bxa6 {Ivanov,S-Shchukin,D/City-Ch, St Petersburg RUS 1998/1-0 
(58)}) (16... Bb5 17. Bxb5 axb5 18. Qe2 {[%csl Rb5]} Ra5 19. Rc1 $14 {[%cal
Gb3b8]}) 17. Qb1 $5 {Ein vielseitiger Zug.Weiss vorbereitet 18.Rc1,und
verteidigt den e4-Bauer,so befreit den d2-Springer,was kann nach c4 zielen.
Ribli.} (17. Rc3 Qb7 18. Qc2 Rfb8 19. b3 Bd8 20. Nc4 Qb4 21. f3 Bb5 22. Rc1
Bxc4 23. Rxc4 Qxb3 24. Qxb3 Rxb3 25. Rc8 Rbb8 26. Bxa6 Rxc8 27. Rxc8 Rxc8 28.
Bxc8 {1/2-1/2 Lukacs,P-Anic,D/Budapest 1990 (36)}) 17... Ba4 18. Rc1 {[%cal
Rc1c8]} Qd7 19. Rbc3 $14 {[%cal Gc1c8] Weiss hat freie Hand am Damenfluegel,
und die Herrschafft ueber die c-Linie.Schwarz hat feste,aber etwas passive
Stellung.Ribli.} Rfb8 (19... Rfc8 20. Rxc8+ Rxc8 21. Bxa6 $16) 20. b3 {[%cal
Gb8b1]} Qe8 (20... Bb5 {Nach dem Laufertausch das Feld-c6 wird eine ewige
Schwachung.Ribli.} 21. Rc7 (21. Nc4 $14) 21... Qe8 22. Bxb5 axb5 23. Qd3 $14)
21. Qc2 {[%csl Ra4][%cal Gc1c8]} Bd7 22. Nc4 {[%csl Yc6][%cal Gc4a5,Ga5c6]} Qd8
(22... Ng4 23. Bxg4 (23. Bb6 $14) 23... Bxg4 24. Na5 $14 {[%cal Ga5c6]}) 23. f3
{Weiss verteidigt sich gegen 23...Ng4,und halt den e4-Bauern.Ribli.} Ne8 {
[%cal Ge7g5,Gg5c1] Schwarz gibt Luft fuer seinen dunkelfarbigen Laeufer,und
vorbereitet das eventuelle Springermanoever Ne8-c7-b5.Ribli.} 24. Ra1 {[%cal
Gc4a5] Weisse positionelle Drohung ist 25.Na5,und gleichzeitig verteidigt sich
gegen den Laufertausch nach 24...Bg5(als er kann schon 25.Bf2 ziehen - der
Turm hangt nicht auf c1).Ribli.} a5 (24... Nc7 25. Nb6 $18 {[%csl Gb6,Gc2,Gc3,
Rc7,Ge3]}) 25. g3 {Weiss kann in einigen Varianten f3-f4 ziehen.Ribli.} Bg5 26.
Bxg5 {Der Partizug ist natuerlich nicht schlecht,als gewinnt einen Bauern,aber
es ware interessant die Spannung halten.Ribli.} (26. Bf2 $5) 26... Qxg5 27.
Rxa5 {Weiss hat einen Bauern mehr,und ich sehe kein Gegenspiel.Ribli.} Bh3 28.
b4 $1 $16 {Der weise Plusbauer geht vorher,und Schwarz hat nichts am
Koenigsfluegel.Ribli.} Qd8 {Jetzt der a8-Turm ist verteidigt,und droht 29...
Rxb4,und die Dame kann eventuell auf der Digonale a7-g1 erscheinen.Ribli.} 29.
Rca3 {[%csl Ga3,Ga5][%cal Ga3a8]} Rxa5 30. bxa5 {[%csl Ga5] Weiss hat gute
Chancen dank seinem entfernten Freibauern.Ribli.} Qc7 {[%csl Gc7,Rg1][%cal
Gc7a7,Gc7c5]} 31. Ne3 Qa7 {[%cal Ga7g1]} (31... Qxc2 32. Nxc2 $16 {Nach dem
Damentausch Schwarz hat kein Gegenspiel.Ribli.}) 32. Kf2 g6 $1 {Schwarz
vorbereitet den Zug 33...f5,wonach der weisse Koenig steht unsicher auf der
a7-g1 Diagonale.Ribli.} 33. g4 f5 {Schlecht,oder gut,das ist die einzige
Gegenchance fuer Schwarz.Ribli.} 34. Kg3 (34. exf5 gxf5 35. Qxf5 $5 $16 (35.
gxf5)) 34... Bxg4 $5 (34... f4+ 35. Kxh3 fxe3 36. Qc3 $16 {[%csl Re3]}) 35.
fxg4 $2 (35. Nxg4 Qg1+ 36. Kh3 fxg4+ 37. fxg4 {[%csl Gh3] Und der weise Koenig
steht nicht schlecht auf h3.Ribli.}) 35... f4+ 36. Kg2 fxe3 37. Qc3 {[%csl Ga5,
Re3]} Ra8 38. a6 (38. Kf3 $2 Qf7+ (38... Nc7 $6 39. Qxe3 Rf8+ 40. Kg3 $16) (
38... Ng7 $6 39. Qxe3 $16) 39. Kxe3 Qf4+ 40. Kd3 Qxh2 $132) (38. Qxe3 Qxe3 39.
Rxe3 Rxa5 $11) 38... Nc7 39. Qxe3 Qxe3 40. Rxe3 Nxa6 41. Ra3 $1 {Das Material
ist reduziert,und es scheint,dass Schwarz hat keine Problemen.In Wirklichkeit
es fehlt immer ein Tempo fuer das Ausgleich.Ribli.} (41. Rc3 Nc5 $15 {[%csl
Gc5]}) 41... Nc7 42. Rc3 $14 {[%csl Gc3,Yc6,Rc7,Rd6][%cal Gc3c8] Weiss hat
Raumvorteil - in ganzer Partie -,aber was ist wichtiger,der schwarze Springer
hat keine Festpunkten.Ribli.} Ra2 43. Kf3 $8 (43. Kf2 {[%cal Ga2f2]} Nb5 $15 {
[%csl Rf2][%cal Rb5d4,Rb5c3,Ga2h2]}) 43... Ra7 (43... Ne8 44. g5 $1 $14) 44.
Rc6 Ne8 45. g5 $1 {Ein sehr wichtiger positioneller Zug.Weiss verbessert
seinen Laeufer,und in folgendem der Laeufer kann auf der Diagonale h3-c8
eindringen.Ribli.} Kf8 46. Rc8 {[%csl Re8][%cal Re2b5,Rb5e8]} Rb7 (46... Ke7
47. Bb5 Nc7 48. Bc6 $16 {[%csl Gc7,Rh7][%cal Gc8h8]}) 47. Bd1 {[%cal Rd1a4,
Ra4e8]} Ra7 48. Rb8 {Weiss vorbereitet das Laufermanoever Be2-Bb5.Ribli.} Kf7
49. Be2 Ra3+ (49... Ng7 50. Rh8 {[%csl Rh7]} Ra3+ 51. Kf2) 50. Kf2 Ra2 51. Rb7+
Kg8 52. Rd7 {[%csl Rd6,Gd7,Re8,Rg8][%cal Gd7h7] Der weisse Turm steht
ausgezeichnet auf d7,und knebelt den Gegner.Ribli.} Rb2 53. h4 {[%cal Rh4h5]
Weiss mobilisiert die Reserven.Frueher,oder spaeter droht h4-h5,weil Schwarz
kann praktisch nur warten.Ribli.} Rc2 (53... Ra2 $2 {In diesem Fall Schwarz
hat mehr Raum fuer den Turm.Ribli.}) 54. Ke3 Rb2 (54... Rc7 55. Rd8 Kf7 56. Bb5
$16 {[%csl Gb5,Rd6,Gd8,Re8]}) 55. h5 $1 $16 {[%csl Gd7,Gh5][%cal Ge2g4,Gg4e6]}
gxh5 $6 (55... Rb3+ 56. Kd2 Rb8 57. h6 $36) (55... Ra2 56. Bg4 {[%csl Gd7,Re8,
Gg4,Rg8][%cal Gg4e6,Ge6g8]}) 56. Rd8 {[%csl Gd8,Rg8]} Rxe2+ (56... Kf7 57.
Bxh5+ $18 {[%csl Re8]}) (56... Kf8 57. Bxh5 $18 {[%csl Re8]}) 57. Kxe2 $18 {
Nur so kann Schwarz seinen Springer retten.Aber das Endspiel mit Qualitaet
mehr ist gewonnen fuer Weiss.Ribli.} Kf7 58. Kf3 Ke7 59. Rb8 Kf7 60. Kg3 {
[%csl Gb8,Gg3] Die Erscheinung des Koenigs am Koenigsfluegel entscheidet den
Kampf.Ribli.} Ng7 61. Kh4 {Schwarz gab in verlorener Stellung auf.Ribli.} (61.
Kh4 Ke7 (61... Kg6 62. Rf8 {[%csl Rg6][%cal Rf8f6]} h6 63. Rf6+ Kh7 64. gxh6
$18) (61... Ne8 62. Kxh5 $18) 62. Rh8 $18 {[%csl Rh7]}) 1-0

[Event "Podolsk"]
[Site "Podolsk"]
[Date "1992.??.??"]
[Round "?"]
[White "Vyzmanavin, Alexey"]
[Black "Berkovich, Dmitry"]
[Result "1-0"]
[WhiteElo "2580"]
[BlackElo "2445"]
[Annotator "Ribli,Z"]
[PlyCount "79"]
[EventDate "1992.12.??"]
[EventType "tourn"]
[EventRounds "11"]
[EventCountry "RUS"]
[EventCategory "11"]
[SourceTitle "CBM 033"]
[Source "ChessBase"]
[SourceDate "1993.04.01"]
[SourceVersion "1"]
[SourceVersionDate "1993.04.01"]
[SourceQuality "1"]

1. d4 Nf6 2. c4 d6 3. Nc3 Nbd7 4. Nf3 c6 5. e4 e5 6. Be2 Be7 7. O-O O-O 8. Qc2
(8. Be3 $5) 8... h6 $6 9. Rd1 $1 (9. b3 Nh7 10. dxe5 dxe5 11. Bb2 Qc7 12. Nd1
Ng5 13. Ne3 Re8 14. Nf5 Nxf3+ 15. Bxf3 Bf8 16. Rad1 g6 17. Ng3 Nc5 18. Rd2 Ne6
$15 {Blasovszky,I-Berkovich,D Budapest Spring op 1992 EXP/30}) 9... Qc7 10. Be3
Nh7 11. Rac1 Ng5 12. Nxg5 Bxg5 13. Bxg5 hxg5 14. Qd2 f6 15. Qe3 Re8 16. b4 $1
$36 a5 17. b5 Nf8 18. bxc6 bxc6 19. c5 $1 dxc5 20. d5 $1 $44 {>< c5, c6, e6 /\
Dxc5} cxd5 21. exd5 $1 (21. Nxd5 Qa7 $14) 21... Ba6 22. Bf3 Rad8 23. Ne4 c4 (
23... Nd7 24. Bg4 $16) 24. d6 Qc8 25. Nc5 g6 26. h4 $1 g4 (26... gxh4 $2 27.
Qh6 $18) 27. d7 $1 Nxd7 28. Bd5+ Kh7 29. Ne6 $16 {/\ Da7} Rxe6 30. Bxe6 Qc6 31.
Bxg4 f5 32. Qg5 Rg8 33. Be2 Qe6 34. Qd2 $18 Nc5 35. Qxa5 Rc8 36. Qb4 Ne4 37.
Bf3 Nc5 38. Bd5 Qf6 39. Bxc4 Bb7 40. Bd5 1-0

[Event "Lippstadt"]
[Site "Lippstadt"]
[Date "1992.??.??"]
[Round "?"]
[White "Arkhipov, Sergey"]
[Black "Hickl, Joerg"]
[Result "1-0"]
[WhiteElo "2485"]
[BlackElo "2540"]
[Annotator "Ribli,Z"]
[PlyCount "87"]
[EventDate "1992.07.??"]
[EventType "tourn"]
[EventRounds "10"]
[EventCountry "GER"]
[EventCategory "8"]
[SourceTitle "CBM 031"]
[Source "ChessBase"]
[SourceDate "1992.12.01"]
[SourceVersion "1"]
[SourceVersionDate "1992.12.01"]
[SourceQuality "1"]

1. c4 Nf6 2. Nc3 d6 3. d4 Nbd7 4. e4 e5 5. Nf3 Be7 6. Be2 O-O 7. O-O c6 8. Be3
a6 9. d5 $1 cxd5 10. cxd5 b5 11. Nd2 Nb6 12. a4 $1 $14 bxa4 13. Nxa4 Nxa4 14.
Rxa4 Bd7 15. Ra3 (15. Ra2 Qb8 16. f3 Bb5 17. Bxb5 Qxb5 18. Qb3 $14 {Polgar,
Zsu-Lobron,E Deutschland Cup 1989 CBM/16}) 15... a5 16. Qb1 Ng4 17. Bxg4 Bxg4
18. Rc1 Bd7 19. Nc4 a4 20. Nb6 $14 Ra6 21. Nxd7 Qxd7 22. Rc4 Rfa8 23. Qc2 Bd8
24. h3 h6 25. Rc6 $1 Kh7 26. Qc4 Qb7 27. b3 axb3 28. Rxb3 Ra1+ 29. Kh2 Qd7 30.
Qb4 R1a6 31. Qb7 Qxb7 32. Rxb7 Rxc6 33. dxc6 Rc8 34. Rd7 Ba5 35. Rxd6 Bb4 36.
Rd7 Rxc6 37. Rxf7 Bc5 38. Bxc5 Rxc5 39. Rf5 g5 40. h4 Kg6 41. Kh3 Kh5 42. f3
Ra5 43. Rf6 $1 gxh4 44. Rf5+ 1-0

[Event "Dortmund-C"]
[Site "Dortmund"]
[Date "1991.??.??"]
[Round "7"]
[White "Keitlinghaus, Ludger"]
[Black "Padevsky, Nikola Bochev"]
[Result "1-0"]
[WhiteElo "2400"]
[BlackElo "2425"]
[Annotator "Ribli,Z"]
[PlyCount "43"]
[EventDate "1991.03.23"]
[EventType "tourn"]
[EventRounds "9"]
[EventCountry "GER"]
[EventCategory "8"]
[SourceTitle "CBM 023"]
[Source "ChessBase"]
[SourceDate "1991.08.01"]
[SourceVersion "1"]
[SourceVersionDate "1991.08.01"]
[SourceQuality "1"]

1. Nf3 Nf6 2. c4 d6 3. d4 Nbd7 4. Nc3 e5 5. e4 c6 6. Be2 Be7 7. O-O O-O 8. Re1
Qc7 (8... a6 $5) 9. Bf1 a6 10. h3 $5 (10. Bg5 b5 11. a3 Bb7 12. Rc1 Qb8 13. b4
Re8 14. d5 cxd5 15. cxd5 $14 {Van der Wiel,J-Miles,A Wijk 1989 CBM/11}) 10...
b5 11. a3 Bb7 12. Be3 Rad8 13. Rc1 Qb8 14. b4 Rfe8 15. d5 $1 bxc4 (15... cxd5
16. cxd5 $14) 16. Bxc4 cxd5 17. Bxd5 $1 Nxd5 18. Nxd5 Nf6 $2 19. Bb6 $1 Rd7 20.
Nxe5 Bxd5 21. Nxd7 Nxd7 22. Bc7 1-0

[Event "URS-chT Republics 19th Group1"]
[Site "Azov"]
[Date "1991.??.??"]
[Round "3"]
[White "Moldobaev, Emelbek"]
[Black "Saltaev, Mihail"]
[Result "1/2-1/2"]
[WhiteElo "2385"]
[BlackElo "2455"]
[Annotator "Ribli,Z"]
[PlyCount "105"]
[EventDate "1991.??.??"]
[EventType "team-tourn"]
[EventRounds "5"]
[EventCountry "URS"]
[SourceTitle "EXT 2020"]
[Source "ChessBase"]
[SourceDate "2019.10.17"]
[SourceVersion "1"]
[SourceVersionDate "2019.10.17"]
[SourceQuality "1"]
[WhiteTeam "Kirgizia"]
[BlackTeam "Uzbekistan"]
[WhiteTeamCountry "KGZ"]
[BlackTeamCountry "UZB"]

1. Nf3 Nf6 2. c4 d6 3. d4 Nbd7 4. Nc3 c6 5. e4 e5 6. Be2 Be7 7. O-O O-O 8. Qc2
Re8 9. Rd1 Qc7 10. Rb1 (10. h3 Bf8 11. Be3 exd4 12. Nxd4 Nc5 13. Bf3 g6 14. b4
Ne6 15. Rac1 Nxd4 16. Bxd4 Nd7 17. Qd2 $14 {Flear,C-Chiong,L Bern op 1991 EXP/
21}) 10... Bf8 11. a3 (11. Bg5 h6 12. Bh4 a5 13. Rd2 a4 14. Re1 Qa5 15. a3 Nh7
16. Bd1 $13 {Lobron,E-Piasetski,L Manila izt CBM/19}) 11... exd4 12. Nxd4 Nc5
13. Bf3 Bg4 14. Bxg4 Nxg4 15. Bf4 Ne5 16. b3 Ne6 17. Nxe6 Rxe6 18. a4 Rae8 19.
Qd2 Rg6 20. Kh1 Qc8 21. Bg3 f5 22. f3 fxe4 23. Nxe4 $14 Qf5 24. Qf4 Qh5 25. Qh4
Qf5 26. Qf4 Qh5 27. Bf2 Rh6 28. h3 Be7 29. Ng3 Qh4 30. Qxh4 Bxh4 31. Rb2 Rhe6
32. Ne4 Bxf2 33. Rxf2 Nf7 34. b4 Rd8 35. Rfd2 Kf8 36. Kg1 Ke7 37. Kf2 Rf8 38.
a5 Rc8 39. Re2 a6 40. Rde1 Kf8 41. f4 Rd8 42. Nc3 Rxe2+ 43. Rxe2 Re8 44. Rb2
Ra8 45. Ke3 Ke7 46. Kd4 Kd7 47. Re2 Rf8 48. g3 Nh6 49. Ne4 Nf5+ 50. Kd3 h5 51.
Rb2 Kc7 52. Re2 Kd7 53. Rb2 1/2-1/2